00558nam a2200193Ia 4500003000900000008004100009040001300050040001300063041000900076100002100085100000900106245013000115250001500245260000900260300001100269300001200280490000600292600006600298IT-RoPAU120407s9999 xx 000 0 und d aIT-RoPAU cIT-RoPAU alat  aLionello Pelland cs.j. a"S. Prosperi Aquitani - Doctrina de praedestinatione et voluntate Dei salvifica. De eius in augustunismum influxu Montréal" aMontréal c1936 a193 p. c23,5 cm v1 a"1. Prospero d’Aquitanis,s. - Dottrina 2. Predestinazione "